00649 2200229 4500001002100000005001500021035002000036007000300056008004100059020002200100082001200122084001800134100001700152245011100169250001000280260003200290300002500322650002300347700002100370504001900391990000900410INLIS00000000000052620171005102213 a0010-1017000080ta171005 f 0 ind  a978-602-9339-00-0 a297.122 a297.122 AND a0 aAndi Ahmad F1 aAl Quran yang ternoda :bMenyikapi Persepsi Syiah dan JIL dalam Mengobrak-Abrik Umat Islam /cAndi Ahmad F aCet.1 aYogyakarta :bMumiaz,c2011 a102hlm ;c14 x 21 cm aAl-Quran dan Hadis0 aAgus Tri Laksono aDaftar Pustaka a3521